| 000 | 00820cam a2200181 a 4500 | ||
|---|---|---|---|
| 001 | 3067335 | ||
| 005 | 20240226061555.0 | ||
| 008 | 960614s1996 ce 000 0 eng | ||
| 020 | _a9559528440 | ||
| 040 |
_aDLC _cDLC _dDLC |
||
| 082 | 0 | 0 |
_a322.4. _221 _bBRI. |
| 245 | 0 | 0 |
_aBritain, World War 2 & the Sama Samajists : _ba study of the documents contained in the secret files maintained by the Public Record Office, London / _cedited by Wesley S. Muthiah and Sydney Wanasinghe. |
| 260 |
_aColombo : _bYoung Socialist Publication, _c1996. |
||
| 300 | _a259 p. ; | ||
| 500 | _a"These papers reveal how in 1940-42 the British imperial government persecuted, suppressed, and incarcerated the leaders of the Lanka Sama Samaja Party, because of their opposition to the War"--Cover. | ||
| 650 | 0 | _aWorld War, 1939-1945 | |
| 942 | _cL | ||
| 999 |
_c490 _d490 |
||